000 00550nam a2200181Ia 4500
999 _c29727
_d29727
003 OSt
005 20260305114715.0
008 190216s9999||||xx |||||||||||||| ||und||
020 _a9788187474807
040 _coclc
082 _a894.812301
_bNAI/L
100 1 _aVāsudēvan Nāyar, Eṃ. Ti.,
_d1933-
_99426
245 0 _aLoka Katha /
_cM T Vasudevan Nair ; N P Mohammed
260 _bOlive Publications,
_c2009.
_aCalicut:
300 _a150p
650 _aKathakal
942 _cBK
_2ddc
_h894.812301
_iNAI/L
_k894.812301
_mNAI/L